| 000 | 00685nam a22001817a 4500 | ||
|---|---|---|---|
| 005 | 20170419123122.0 | ||
| 010 | _aENG-117772 | ||
| 020 |
_a9352584775 _c550.00 |
||
| 035 | _aEN-101304 | ||
| 037 | _bDABD/PUB | ||
| 082 | _a305.562 | ||
| 100 | _aKhwaja Abdul Muntaqim. | ||
| 245 |
_aDr. Ambedkar an honest person and a dynamic legislative draftsman : _b(with laws relating to scheduled castes and scheduled tribes) / _cby Khwaja Abdul Muntaqim |
||
| 260 |
_aNew Delhi _bM.R. Publications _c2017 |
||
| 270 |
_bNew Delhi _a#10 Metropole Market, 2724-25 First Floor Kucha Chelan,Daryaganj _e110002 |
||
| 300 |
_a232p. _c22cm(Hb) |
||
| 942 |
_2ddc _cEN _h305.562 _mKHW |
||
| 999 |
_c139050 _d139050 |
||